| 000 | 00450nam a2200121Ia 4500 | ||
|---|---|---|---|
| 008 | 220217s9999 xx 000 0 und d | ||
| 245 | 0 | _aRecommendations for storage and handling of inner tubes, tube valves and flaps for use with pneumatic tyres for automotive vehicles | |
| 260 | _aNew Delhi | ||
| 260 |
_c1984 _bBureau of Indian Standards |
||
| 500 | _aStandard number: IS 11031 Reaffirmed 1996 | ||
| 650 | _aTyre, automotive vehicles | ||
| 942 | _cST | ||
| 999 |
_c73429 _d73429 |
||